[Event "FRA-chT2 North 0607"]
[Site "France"]
[Date "2006.10.15"]
[Round "1.8"]
[White "Rajaonah, Alexandre"]
[Black "Morin, Laetitia"]
[Result "0-1"]
[WhiteElo "1600"]
[BlackElo "1499"]
[PlyCount "72"]
[EventDate "2006.10.15"]
[EventType "team-tourn"]
[EventRounds "11"]
[EventCountry "FRA"]
[SourceTitle "EXT 2008"]
[Source "ChessBase"]
[SourceDate "2007.11.25"]
[SourceVersion "1"]
[SourceVersionDate "2007.11.25"]
[SourceQuality "1"]
[WhiteTeam "Rosny sous Bois"]
[BlackTeam "Arcueil"]
[WhiteTeamCountry "FRA"]
[BlackTeamCountry "FRA"]

1. d4 d5 2. c4 c6 3. Nc3 Nf6 4. Nf3 Bf5 5. a3 Nbd7 6. Bg5 e6 7. e3 a6 8. Be2 Bd6 9. 0-0 0-0 10. c5 Bc7 11. Nh4 Bg6 12. Nxg6 hxg6 13. f4 Qe8 14. Bd3 Nh7 15. Qg4 f5 16. Qg3 Kf7 17. Rf3 Rh8 18. Re1 Nxg5 19. Qxg5 Bd8 20. e4 Bxg5 21. fxg5 Qd8 22. exf5 gxf5 23. g6+ Kf6 24. g4 Qc7 25. h3 f4 26. Re2 Ke7 27. Bf5 Rae8 28. Rxe6+ Kd8 29. Rd6 Re7 30. Na4 Ke8 31. Be6 Rf8 32. Bf7+ Rexf7 33. gxf7+ Rxf7 34. Kf2 Nf6 35. Nc3 Ne4+ 36. Nxe4 dxe4 0-1